000 00863nam a22002537a 4500
001 000194793
003 AM-YeHGA
005 20250617123849.0
008 991225s1976 ru ||||| |||| 00| 0 rus d
040 _aAM-YeHGA
041 0 _arus
100 1 _aЛифшиц, Роман Иосифович
245 1 0 _aУ истоков жизни /
_cР.И. Лифшиц и Б.М. Вальдман.
260 0 _aЧелябинск :
_bЮж.-Урал. кн. изд-во,
_c1976.
300 _a100 с.
650 1 4 _aБиология
650 4 _aЖивая природа
650 1 4 _aМолекулярная биология
650 1 4 _aБиогенез
650 1 4 _aБиохимические феномены, метаболизм и питание
700 1 _aВальдман, Борис Михайлович
942 _2udc
_cBK
090 _c68597
999 _c67450
_d67450